000 00724nam a22002297a 4500
003 DO-SdBNP
005 20220617092643.0
007 ta
008 210917b 2019 dr 00| 0 eng d
020 _a9789945618013
040 _aDO-SdBNP
_bspa
_cBNPHU
082 4 _2xxx
_bE53e
100 1 _aEmeterio Rondón, Nieves Lidia
_957746
245 1 _aEntre la indiferencia y el ruido :
_bel suicidio en la República Dominicana /
_cNieve Lidia Emeterio Rondón
260 _aSanto Domingo :
_bAmigo del Hogar,
_c2019.
300 _a437 p. ;
_c23 cm.
500 _aIncluye datos biográficos en la contracubierta
504 _aBibliografía : p. 431-437
590 _aInventariado, 2021/BT
910 _aBtavárez
942 _2ddc
_cLBS1
999 _c50557
_d50557